Welcome to the Holygrace Academy Library

Please use search bar below to get started

PREKSHA YOGA (Record no. 5479)

MARC details
000 -LEADER
fixed length control field 00334nam a22001337a 4500
020 ## - INTERNATIONAL STANDARD BOOK NUMBER
ISBN 81-7021-942-6
082 ## - DEWEY DECIMAL CLASSIFICATION NUMBER
Classification number 613.7046
Item number MIS/D
100 ## - MAIN ENTRY--AUTHOR NAME
Personal name MISHRA, J P N
245 ## - TITLE STATEMENT
Title PREKSHA YOGA
Remainder of title MANAGEMENT FOR COMMON AILMENTS
260 ## - PUBLICATION, DISTRIBUTION, ETC. (IMPRINT)
Place of publication DELHI
Name of publisher B JAIN PUBLISHERS
Year of publication 2004
300 ## - PHYSICAL DESCRIPTION
Number of Pages 227
650 ## - SUBJECT ADDED ENTRY--TOPICAL TERM
Topical Term HEALTH AND FITNESS
Geographic subdivision INDIA
942 ## - ADDED ENTRY ELEMENTS (KOHA)
Koha item type Books
Holdings
Withdrawn status Lost status Collection code Home library Current library Shelving location Date acquired Source of acquisition Cost, normal purchase price Full call number Accession Number Koha item type
    Reference Main Library Main Library   14/05/2015 purchase 69.00 613.7046 MIS/D 09670 Books